000 00699nam a2200253Ia 4500
003 OSt
005 20221005094221.0
006 a|||||r|||| 00| 0
007 ta
008 221004b |||||||| |||| 00| 0 eng d
020 _a011908247540
024 _a23188
037 _cTextual
040 _aCRL
_cCRL
_beng
041 _2eng
_aeng
082 _aV2:25xM69x, M6
100 _aGandhi M K
245 0 _aMoral and political writings of Mahamtma Gandhi edited by Raghavan Iyer .1V
260 _aOxford
_bClarendon Press Gr.Britain
_c1986
300 _a625p.
_ccm.
650 _aHISTORY
942 _hV2:25xM69x, M6
_cTEXL
_2cc
999 _c1001585
_d1001585